| 000 | 00799nam a22002537a 4500 | ||
|---|---|---|---|
| 999 |
_c171579 _d171579 |
||
| 005 | 20200115152043.0 | ||
| 008 | 200115b ||||| |||| 00| 0 eng d | ||
| 010 | _aB-115450 | ||
| 020 |
_a8172235127 _c295.00 |
||
| 020 |
_a9781722351274 _c295.00 |
||
| 035 | _aB-115450 | ||
| 040 |
_adpl _ben |
||
| 050 | _a881 | ||
| 082 | _a881 | ||
| 100 | _aJaved Akhtar | ||
| 245 |
_aQuiver: _bpoems and ghazals/ _cby Javed Akhtar; translated from the Urdu by David Matthews |
||
| 250 | _a4th imp. | ||
| 260 |
_aNew Delhi _bHarperCollins Publishers _c2005 |
||
| 270 |
_a1A Hamilton House, Connaught Place, _bNew Delhi _e110001 |
||
| 300 |
_a251p _c22cm(pbk) |
||
| 700 | _aMatthew, David | ||
| 942 |
_2ddc _cEN _h881 _mJAV |
||